The environment crisis : a challenge for African christianity /

সংরক্ষণ করুন:
গ্রন্থ-পঞ্জীর বিবরন
প্রধান লেখক: Gitau, Samson K.
বিন্যাস: গ্রন্থ
ভাষা:ইংরেজি
প্রকাশিত: Nairobi : Acton Publishers, 2000.
বিষয়গুলি:
ট্যাগগুলো: ট্যাগ যুক্ত করুন
কোনো ট্যাগ নেই, প্রথমজন হিসাবে ট্যাগ করুন!

MARC

LEADER 00000cam a22000002a 4500
001 0000006544
003 DAYSTAR
005 20181115020004.0
008 030703s2000 xx 001 0 eng d
020 |a 9966888616 
040 |a Daystar 
050 0 0 |a GE195.7  |b .E58 
100 1 |a Gitau, Samson K. 
245 1 4 |a The environment crisis :  |b a challenge for African christianity /  |c Samson K. Gitau. 
260 |a Nairobi :  |b Acton Publishers,  |c 2000. 
300 |a 187 p. 
650 0 |a Environmental degradation. 
908 |a 060412 
942 |c G  |0 2 
952 |0 0  |1 0  |4 0  |6 GE_195_700000000000000_E58  |7 0  |9 70728  |a DUA  |b DUA  |c GC  |d 2017-09-28  |l 2  |o GE195.7.E58  |p BK040578  |r 2018-11-19 00:00:00  |s 2018-11-14  |t c.  |w 2017-09-28  |x 58731  |y G 
995 |a Daystar 
999 |c 36672  |d 36672